000 00391nam a2200157Ia 4500
008 230711s9999||||xx |||||||||||||| ||und||
041 _aENG
082 _a621
_bKH-D
100 _aKhan,Ashfaq A.
245 0 _aDigital signal processing fundamentals
250 _a1st . Ed.
260 _c2006
_aNew Delhi
_bFirewall Media
300 _a391
650 _aElectronics Engineering
942 _cBK
999 _c4824
_d4824